Colorado Alumni - Statistics

General Stats
  • This quiz has been taken 9 times
    5 since last reset
  • The average score is 12 of 25
Answer Stats
Hint Answer % Correct
Second lady of the United States from 2001 to 2009 Lynne Cheney
75%
Actor, director and one of the founders of the Sundance Film Festival, "All the President's Men" "Ordinary People" "Butch Cassidy and the Sundance Kid" "The Sting" Robert Redford
75%
Co-founder of Apple Steve Wozniak
75%
Cornerback/wide receiver who plays for the Jacksonville Jaguars Travis Hunter
75%
Co-creator of "South Park" and "The Book of Mormon" Trey Parker
75%
Actor best known for his role as Jake Harper in "Two and a Half Men" Angus T. Jones
50%
Justice of the Supreme Court from 1962 to 1993 Byron White
50%
Hall of Fame point guard who played most notably for the Detroit Pistonsa and Denver Nuggets and head coach of the Portland Trail Blazers since 2021 Chauncey Billups
50%
Actor best known for his role as Detective Stabler in "Law & Order: Special Victims Unit" and Chris Keller in "Oz" Christopher Meloni
50%
Senator from Colorado from 2015 to 2021 Cory Gardner
50%
President of Liberia from 2006 to 2018 and first elected female head of state in Africa and Nobel Peace Prize laureate Ellen Johnson Sirleaf
50%
Senator from Colorado from 1991 to 1997 Hank Brown
50%
Actor and director, "21 Jump Street" "Superbad" "The Wolf of Wall Street" Jonah Hill
50%
Governor of Oregon from 2015 to 2023 Kate Brown
50%
Co-creator of "South Park" and "The Book of Mormon" Matt Stone
50%
Governor of Colorado from 1987 to 1999 Roy Romer
50%
Governor of Colorado from 2007 to 2011 Bill Reiter
25%
Former offensive tackle who played for the Green Bay Packers David Bakhtiari
25%
Director, "Blue Valentine" "The Place Beyond the Pines" Derek Cianfrance
25%
Director, "The Cabin in the Woods" "Bad Times at the El Royale" Drew Goddard
25%
Basketball head coach for the Orlando Magic since 2021 Jamahl Mosley
25%
Former kicker who played for the Green Bay Packers Mason Crosby
25%
Actor, "The Walking Dead" "Invincible" "Avengers: Endgame" Ross Marquand
25%
Cyclist who won the 2023 Vuelta a España Sepp Kuss
25%
Point guard who plays for the Dallas Mavericks Spencer Dinwiddie
25%
No matching quizzes found
Score Distribution
Percent of People with Each Score
Percentile by Number Answered
Your Score History
You have not taken this quiz since the last reset